| 000 | 01122nam a2200325 i 4500 | ||
|---|---|---|---|
| 003 | EG-GICUC | ||
| 005 | 20260309120907.0 | ||
| 008 | 260309s1929 fr |||fr|||| 00| 0 fre d | ||
| 040 |
_aEG-GiCUC _bfre _cEG-GiCUC _dEG-GiCUC _eRda |
||
| 041 | 0 | _afre | |
| 082 | 0 | 4 |
_221 _a343 _bBO . C |
| 092 | 0 | 4 | _221 |
| 099 | _aLaw1 10 343 BO . C 1929 | ||
| 100 | 1 |
_aBourdeaux, M. Henry _eAuteur |
|
| 245 | 1 | 0 |
_aCode Pénal : _bAnnoté D'après La Doctrine Et La Jurisprudence Avec Renvois Aux Publications Dalloz / _cM. Henry Bourdeaux. |
| 250 |
_aVingt-huitième Édition _bRevue, Corrigée Et Augmentée |
||
| 264 | 1 |
_aParis : _bJurisprudence Générale Dalloz, _c1929.. |
|
| 300 |
_a598 page; _c 24 cm. _billustrations, |
||
| 336 |
_2rda contenu _a texte |
||
| 337 |
_2rda medias _aOrdinateur |
||
| 338 |
_2 transporteur rda _a Ressource en ligne |
||
| 504 | _aBibliography: pages 200-250. | ||
| 546 | _aTexte en français | ||
| 650 | 1 |
_acriminologie _2qrmak |
|
| 650 | 1 |
_aDroit pénal _2qrmak |
|
| 651 | 1 | _2qrmak | |
| 856 | 4 | 0 | _uhttps://fll.law.cu.edu.eg/fulltext/bks/810-06465.pdf |
| 905 | _a54 | ||
| 942 |
_2ddc _cBK _e21 _n0 |
||
| 999 |
_c65906 _d65906 |
||